Dibázci cukrászda marketingtevékenységének elemzése

Bibliographic Details
Main Author: Kistóka Blanka
Other Authors: Fekete-Frojimovics Dr. Zsófia
Format: Project work
Kulcsszavak:áremelkedés
digitális technológia
marketing
marketingeszközök
vendéglátás
Online Access:http://dolgozattar.uni-bge.hu/59748

MARC

LEADER 00000nnm a2200000 i 4500
001 dolg59748
005 20260409145519.0
008 260409suuuu hu o 000 hun d
040 |a BGE Dolgozattár Repozitórium  |b hun 
041 |a hu 
100 1 |a Kistóka Blanka 
245 1 0 |a Dibázci cukrászda marketingtevékenységének elemzése  |c Kistóka Blanka  |h [elektronikus dokumentum] 
516 |a Project_work 
520 3 |a A Dibázci Cukrászda marketingtevékenységének elemzése – avagy hogyan lehet egy kisvállalkozásból helyi kedvenc? Mi tesz egy cukrászdát igazán emlékezetessé? A sütemények íze? A hangulatos környezet? Vagy talán a mögötte álló márka és kommunikáció? Dolgozatomban ezekre a kérdésekre keresem a választ a Dibázci Cukrászda példáján keresztül, amely egy hagyományokra építő, mégis modern szemléletű családi vállalkozás. Arra voltam kíváncsi, hogyan éri el a cukrászda, hogy nemcsak megőrzi meglévő vendégkörét, hanem újakat is képes megszólítani – mindezt egy telített, versenyképes piacon. Vizsgálatom során feltérképeztem a Dibázci online és offline marketingeszközeit, közösségi média jelenlétét. Az eredmények alapján kirajzolódott: bár a személyes hangvétel és a termékminőség erős pillérek, a digitális marketingben még bőven rejtőzik kiaknázatlan potenciál. Dolgozatom nemcsak egy konkrét cukrászda működését mutatja be, hanem rávilágít arra is, milyen fontos szerepet játszik a tudatos marketing egy kisvállalkozás sikerében a 21. században. 
695 |a áremelkedés 
695 |a digitális technológia 
695 |a marketing 
695 |a marketingeszközök 
695 |a vendéglátás 
700 1 |a Fekete-Frojimovics Dr. Zsófia  |e ths 
856 4 0 |u http://dolgozattar.uni-bge.hu/59748/1/Kist%C3%B3ka%20Blanka%20projektmunka.pdf  |z Dokumentum-elérés 
856 4 0 |u http://dolgozattar.uni-bge.hu/59748/2/KB_b%C3%ADr%C3%A1lat.pdf  |z Dokumentum-elérés